| 000 -CABECERA |
| fixed length control field |
01270nam a22002297i 4500 |
| 003 - IDENTIFICADOR DEL NÚMERO DE CONTROL |
| control field |
AR-CdUCM |
| 008 - DATOS DE LONGITUD FIJA--INFORMACIÓN GENERAL |
| fixed length control field |
241212b20222022 pe||||| |||| 00| 0 spa d |
| 040 ## - FUENTE DE LA CATALOGACIÓN |
| Agencia/entidad que catalogó originalmente la obra |
MUNICIPALIDAD PROVINCIAL DEL CUSCO |
| Entidad que transcribió la catalogación |
BIBLIOTECA MUNICIPAL DEL CUSCO |
| 082 ## - NÚMERO DE LA CLASIFICACIÓN DECIMAL DEWEY |
| No. de Clasificación |
780 / M95 |
| Notacion interna |
M95 |
| 110 ## - ENTRADA PRINCIPAL--NOMBRE DE ENTIDAD CORPORATIVA |
| Nombre de la institución, jurisdicción como entrada principal |
Municipalidad Provincial de Chumbivilcas. |
| 9 (RLIN) |
50851 |
| 245 ## - MENCIÓN DE TÍTULO |
| Título |
Conjunto Pancho Gómez Negrón : |
| Resto del título |
50 años de trayectoria artística / |
| 260 ## - PUBLICACIÓN, DISTRIBUCIÓN, ETC. |
| Lugar de publicación, distribución, etc. |
Cusco: |
| Nombre de la editorial, distribuidor, etc. |
Municipalidad Provincial de Chumbivilcas. |
| Fecha de publicación, distribución, etc. |
2022 |
| 300 ## - DESCRIPCIÓN FÍSICA |
| Nº de Páginas Extensión |
151 páginas. : |
| Dimensiones |
35 cm. |
| 505 ## - NOTA DE CONTENIDO CON FORMATO |
| Nota de contenido formateada |
Homenaje al conjunto musical Pancho Gómez Negrón -- Historia de Chumbivilcas -- Reseña histórica del conjunto Pancho Gómez Negrón -- Artistas que hicieron sus paso por el conjunto Pancho Gómez Negrón -- Situación legal que ampara al conjunto musical -- Biografía de los integrantes -- Cronología -- Conciertos musicales en la provincia -- Conjunción de connotados conjuntos musicales de Chumbivilcas -- Artículos de personalidades -- Reconocimiento y galardones -- Patrimonio Cultural Vivo de la Región Cusco. |
| 650 ## - PUNTO DE ACCESO ADICIONAL DE MATERIA--TÉRMINO DE MATERIA |
| Descriptor |
Música |
| 9 (RLIN) |
1443 |
| 650 ## - PUNTO DE ACCESO ADICIONAL DE MATERIA--TÉRMINO DE MATERIA |
| Descriptor |
Historia |
| 9 (RLIN) |
50852 |
| 650 ## - PUNTO DE ACCESO ADICIONAL DE MATERIA--TÉRMINO DE MATERIA |
| Descriptor |
Personalidades |
| 9 (RLIN) |
31709 |
| 650 ## - PUNTO DE ACCESO ADICIONAL DE MATERIA--TÉRMINO DE MATERIA |
| Descriptor |
Reconocimiento |
| 9 (RLIN) |
50853 |
| 942 ## - ELEMENTOS DE PUNTO DE ACCESO ADICIONAL (KOHA) |
| Fuente de clasificación |
|
| Tipo de item |
Libros-BMC |
| 945 ## - PROCESAMIENTO DE INFORMACIÓN LOCAL (OCLC) |
| Catalogador |
pbj |
| AAAA-MM-DD - Fecha de ingreso o modificacion |
12-12-24 |